| 000 | 01977cam a2200361 i 4500 | ||
|---|---|---|---|
| 001 | ocn1418754625 | ||
| 003 | EG-ScBUE | ||
| 005 | 20260211101058.0 | ||
| 008 | 240117t2024 ilu f 000 f eng d | ||
| 020 | _a9781464221132 | ||
| 020 | _a1464221138 | ||
| 035 | _a(OCoLC)1418754625 | ||
| 040 |
_aDLC _beng _erda _cDLC _dOCLCO _dYDX _dBDX _dETC _dOCLCO _dLJW _dY$5 _dLJW _dLE@ _dOCLCO _dKKJ _dJAS _dRNL _dMWD _dJQM _dZ#6 _dOCLCL _dYU6 _dOCLCO _dVP@ _dNMS _dOCLCQ _dZGR _dDEERP _dUBY _dIG# _dFAYTV _dOCLCO _dMT9 _dEG-ScBUE |
||
| 082 | 0 | 4 |
_a813.6 _222 _bMCF |
| 100 | 1 |
_aMcFadden, Freida, _eauthor. |
|
| 245 | 1 | 4 |
_aThe housemaid is watching / _cFreida McFadden. |
| 264 | 1 |
_aNaperville, Illinois : _bPoisoned Pen Press, _c[2024] |
|
| 264 | 4 | _c©2024 | |
| 300 |
_aix, 386 pages ; _c21 cm. |
||
| 336 |
_atext _btxt _2rdacontent |
||
| 337 |
_aunmediated _bn _2rdamedia |
||
| 338 |
_avolume _bnc _2rdacarrier |
||
| 490 | 0 |
_aThe housemaid ; _v[3] |
|
| 520 | _a"I used to clean other people's houses--now, I have one of my own. The charming kitchen, the quiet cul-de-sac, the huge yard where my kids can play. My husband and I worked so hard for this life. When our new neighbor invites us to dinner, a maid opens the door. Looking at her white apron and neat hair is like looking in a mirror; I know exactly what it's like to be in her shoes. But her cold stare gives me chills...That's not the only strange thing here. I'm sure I see a shadowy figure watching us. My husband leaves the house late at night. And one woman's words chill me to the bone: be careful of your neighbors. I thought I'd left my darkest secrets behind. But could this quiet street be the most dangerous place of all?"--Back cover. | ||
| 650 | 7 |
_aFamily secrets _vFiction. _2BUEsh |
|
| 650 | 7 |
_aHousehold employees _vFiction. _2BUEsh |
|
| 650 | 7 |
_aSpouses _vFiction. _2BUEsh |
|
| 650 | 7 |
_aNeighbors _vFiction. _2BUEsh |
|
| 653 |
_cFebruary2026 _bHHUUEENN |
||
| 655 | _vReading book | ||
| 942 |
_2ddc _cBB |
||
| 999 |
_c31115 _d31086 |
||